Les 20 villes les plus peuplées de la Loire-Atlantique (44) - Statistiques

Statistiques générales
  • Ce quiz a été pris 134 fois
  • Le résultat moyen est 13 sur 20
Statistiques - réponses
HINT HINT ANSWER % Correct
325 070 N Nantes
100%
73 111 S Saint-Nazaire
96%
43 349 R Rezé
93%
50 561 S Saint-Herblain
92%
28 341 O Orvault
87%
18 382 P Pornic
79%
26 048 V Vertou
78%
20 535 C Carquefou
66%
12 231 C Châteaubriant
66%
28 373 S Saint-Sébastien-sur-Loire
66%
16 684 G Guérande
59%
20 483 L La Chapelle-sur-Erdre
57%
23 541 C Couëron
54%
12 530 P Pornichet
52%
20 590 B Bouguenais
51%
16 613 L La Baule-Escoublac
39%
16 227 S Sainte-Luce-sur-Loire
39%
11 249 P Pontchâteau
38%
11 346 A Ancenis-Saint-Géréon
34%
14 645 S Saint-Brevin-les-Pins
32%
Aucun quiz correspondant
Distribution des résultats
% des personnes avec chaque résultat
Percentile par nombre de réponses
Votre historique - résultats
Vous n’avez pas pris ce quiz